The International debt crisis and its impact on Central America and the Caribbean /

Uloženo v:
Podrobná bibliografie
Hlavní autor: Stallings, Barbara
Korporace: INIES, CRIES
Médium: Text
Vydáno: Managua: CRIES
Tagy: Přidat tag
Žádné tagy, Buďte první, kdo vytvoří štítek k tomuto záznamu!

MARC

LEADER 00000 a a2200000 04500
001 20944
003
040
090 |a 089900  
100 |a Stallings, Barbara  
110 |a INIES  
245 |a The International debt crisis and its impact on Central America and the Caribbean /  |c INIES  
260 |a Managua:   |b CRIES  
300 |a 10 p.  
710 |a CRIES  
999 |c 15952  |d 15952